00540nam a2200193 a 4500001001300000003000900013005001700022008004100039020001000080082001800090100001800108245007100126260006000197300000800257500003500265505001000300650001800310700001800328nice12345678IN_TiNIC20260116011711.0050524s1978 naia grp 000 0 eng  ac10000a306.8096bKAL aKalute, Grace aChristian and Muslim Women on Education, Marriage and Family Life. aNairobibDepartment of Philosophy & Religious Stuc1978 a51p aincludes index and biblioraphy2 aIndex aFamily-Africa1 aKalute, Grace